000 00551nam a2200193Ia 4500
003 OSt
005 20250818154814.0
008 210210b1970 xxu||||| |||| 00| 0 eng d
040 _cAL
041 _aKannada
082 _aK894.3 SHRP
100 _aSHRINIVAS(N S).
_9205783
_dಶ್ರೀನಿವಾಸ್(ಎಂ ಎನ್)
245 _aPavanaparivartane.
_bಪಾವನಪರಿವರ್ತನೆ
260 _aBengaluru
_bPampakshi Prakashana
_c1970
300 _a130
690 _aKannada Fiction
_9205784
906 _a028024
942 _2ddc
_cBK
999 _c79287
_d79287